Sauce Kebab - Statistiques

Statistiques générales
  • Ce quiz a été pris 948 fois
  • Le résultat moyen est 8 sur 20
Statistiques - réponses
Réponse % Correct
Ketchup
94%
Mayonnaise
94%
Algérienne
93%
Blanche
88%
Barbecue
68%
Andalouse
54%
Biggy
54%
Harissa
53%
Moutarde
50%
Curry
36%
Marocaine
32%
Poivre
24%
Fromagère
20%
Samurai
18%
Tartare
13%
Brésilienne
8%
Fish
6%
Cheese
2%
Hawaii
0%
Pickles
0%
Aucun quiz correspondant
Distribution des résultats
% des personnes avec chaque résultat
Percentile par nombre de réponses
Votre historique - résultats
Vous n’avez pas pris ce quiz